| 000 | 00914cab a2200181 4500 | ||
|---|---|---|---|
| 001 | ##L131336 | ||
| 008 | 051021n2005 000 0 eng u | ||
| 035 | _a(Sirsi) u131336 | ||
| 041 | 0 | _aeng | |
| 100 | 1 | _aRoberts, Philip | |
| 245 | 0 | 0 | _aNew model off-course |
| 260 | 3 | _c2005 | |
| 490 | 0 |
_aEstates Gazette _v(0541) 15 October 2005,198-199(2) |
|
| 520 | _aCompares the qualification routes for solicitors and surveyors. Looks at changes to solicitors' professional education proposed in the Law Society's training framework review but not yet implemented. The solicitor's training contract may possibly be remodelled as work-based learning, an approach already embraced within surveyors' professional education. Many solicitors however are happy with the current training and education model. | ||
| 690 | _aCAREERS, EDUCATION AND TRAINING-QUALIFICATION ROUTES | ||
| 700 | 1 | _aWilliamson, Cheryl | |
| 942 | _n0 | ||
| 999 |
_c76047 _d76047 |
||